[Event "Heusenstamm Sparkassen op-B 9th"]
[Site "Heusenstamm"]
[Date "2023.11.25"]
[Round "5"]
[White "Herdt, Werner"]
[Black "Plotnikow, Jewgeni"]
[Result "0-1"]
[WhiteElo "1421"]
[BlackElo "1507"]
[PlyCount "110"]
[EventDate "2023.11.23"]
[EventType "swiss"]
[EventRounds "7"]
[EventCountry "GER"]
[SourceTitle "EXT 2025"]
[Source "ChessBase"]
[SourceDate "2024.10.14"]
[SourceVersion "1"]
[SourceVersionDate "2024.10.14"]
[SourceQuality "1"]

1. d4 d5 2. Nf3 Nf6 3. h3 Bf5 4. Nc3 e6 5. e3 Bd6 6. Bd3 Ne4 7. Nxe4 dxe4 8. Be2 exf3 9. Bxf3 c6 10. 0-0 0-0 11. e4 Bg6 12. Be3 Nd7 13. e5 Bc7 14. Bg4 Qe7 15. Qd2 h6 16. Bf4 Rad8 17. Qe2 Nb6 18. c3 Nd5 19. Bg3 b5 20. a3 a6 21. Bh5 Qg5 22. Bxg6 fxg6 23. Rad1 Rf7 24. Qe4 Rdf8 25. Bh4 Qf5 26. Qxf5 Rxf5 27. Bg3 Bd8 28. Rd3 Nf4 29. Bxf4 Rxf4 30. Rd2 g5 31. Re2 g4 32. Re3 gxh3 33. Rxh3 Re4 34. Re3 Rxe3 35. fxe3 Rxf1+ 36. Kxf1 g5 37. g4 Kg7 38. Kg2 Kg6 39. Kg3 h5 40. e4 Bc7 41. b3 a5 42. a4 bxa4 43. bxa4 c5 44. Kf3 cxd4 45. cxd4 hxg4+ 46. Kxg4 Bb6 47. d5 exd5 48. exd5 Bd4 49. e6 Be5 50. e7 Kf7 51. e8Q+ Kxe8 52. Kxg5 Kd7 53. Kf5 Kd6 54. Ke4 Bg7 55. Kd3 Kxd5 0-1

[Event "Heusenstamm Sparkassen op-B 9th"]
[Site "Heusenstamm"]
[Date "2023.11.25"]
[Round "4"]
[White "Niesel, Markus"]
[Black "Herdt, Werner"]
[Result "0-1"]
[WhiteElo "1186"]
[BlackElo "1421"]
[PlyCount "56"]
[EventDate "2023.11.23"]
[EventType "swiss"]
[EventRounds "7"]
[EventCountry "GER"]
[SourceTitle "EXT 2025"]
[Source "ChessBase"]
[SourceDate "2024.10.14"]
[SourceVersion "1"]
[SourceVersionDate "2024.10.14"]
[SourceQuality "1"]

1. e4 c5 2. Nf3 Nc6 3. c3 e5 4. Bc4 Nf6 5. d3 a6 6. 0-0 Be7 7. Be3 0-0 8. Nbd2 d5 9. exd5 Nxd5 10. Ne4 Nxe3 11. fxe3 b5 12. Bb3 h6 13. Qe2 Qc7 14. Rad1 Bf5 15. Ng3 Bg6 16. e4 Rad8 17. Qf2 Na5 18. Bd5 c4 19. d4 exd4 20. cxd4 Nc6 21. Qe2 Nb4 22. b3 Nxd5 23. exd5 Bd3 24. Rxd3 cxd3 25. Qxd3 Rxd5 26. Re1 Bf6 27. Nf5 Qd7 28. Rd1 Rxf5 0-1

[Event "Heusenstamm Sparkassen op-B 4th"]
[Site "Heusenstamm"]
[Date "2017.11.24"]
[Round "3"]
[White "John, Volkmar"]
[Black "Herdt, Werner"]
[Result "1-0"]
[WhiteElo "1796"]
[BlackElo "1425"]
[PlyCount "75"]
[EventDate "2017.11.23"]
[EventType "swiss"]
[EventRounds "7"]
[EventCountry "GER"]
[SourceTitle "EXT 2019"]
[Source "ChessBase"]
[SourceDate "2018.10.10"]
[SourceVersion "1"]
[SourceVersionDate "2018.10.10"]
[SourceQuality "1"]

1. e4 c5 2. Nf3 d6 3. d4 cxd4 4. Nxd4 Nf6 5. Nc3 Nc6 6. Bg5 e6 7. f3 Be7 8. Qd2 a6 9. 0-0-0 d5 10. Nxc6 bxc6 11. e5 Nd7 12. Bxe7 Qxe7 13. f4 0-0 14. h4 f6 15. Re1 fxe5 16. fxe5 Qf7 17. g3 Qf2 18. Bh3 Qxd2+ 19. Kxd2 Nb6 20. b3 Bd7 21. Rhf1 Rxf1 22. Rxf1 Rf8 23. Rxf8+ Kxf8 24. Ne2 Ke7 25. Nf4 Be8 26. Bxe6 h6 27. Bf5 g5 28. hxg5 hxg5 29. Nd3 a5 30. a4 Bd7 31. Bxd7 Nxd7 32. Ke3 Ke6 33. b4 Nb6 34. Kd4 Nxa4 35. bxa5 Kf5 36. g4+ Ke6 37. Nc5+ Nxc5 38. Kxc5 1-0

[Event "Heusenstamm Sparkassen op-B 3rd"]
[Site "Heusenstamm"]
[Date "2016.11.27"]
[Round "6"]
[White "Herdt, Werner"]
[Black "Lambrecht, Harald"]
[Result "1/2-1/2"]
[WhiteElo "1404"]
[BlackElo "1427"]
[PlyCount "62"]
[EventDate "2016.11.27"]
[EventType "swiss"]
[EventRounds "7"]
[EventCountry "GER"]
[SourceTitle "EXT 2018"]
[Source "ChessBase"]
[SourceDate "2017.10.13"]
[SourceVersion "1"]
[SourceVersionDate "2017.10.13"]
[SourceQuality "1"]

1. d4 d5 2. c4 e6 3. Nc3 Nf6 4. Nf3 Be7 5. e3 0-0 6. Bd3 b6 7. 0-0 Ba6 8. Qe2 dxc4 9. Bxc4 Bxc4 10. Qxc4 Nd5 11. a3 Nxc3 12. Qxc3 c6 13. b3 Qd5 14. Bb2 Bf6 15. Qc2 Rd8 16. Rab1 a5 17. e4 Qh5 18. e5 Be7 19. Rfd1 g5 20. h3 g4 21. hxg4 Qxg4 22. Nh2 Qg6 23. Qxg6+ fxg6 24. Rd3 Rf8 25. Rf3 Nd7 26. Rd1 Rxf3 27. Nxf3 Rf8 28. Rd3 g5 29. g4 Kg7 30. Bc1 h6 31. a4 Kg6 1/2-1/2

[Event "Heusenstamm Sparkassen op-B 2nd"]
[Site "Heusenstamm"]
[Date "2015.11.28"]
[Round "5"]
[White "Kirchner, Stefan2"]
[Black "Herdt, Werner"]
[Result "1/2-1/2"]
[WhiteElo "1544"]
[BlackElo "1411"]
[PlyCount "107"]
[EventDate "2015.11.26"]
[EventType "swiss"]
[EventRounds "7"]
[EventCountry "GER"]
[SourceTitle "EXT 2018"]
[Source "ChessBase"]
[SourceDate "2017.10.13"]
[SourceVersion "1"]
[SourceVersionDate "2017.10.13"]
[SourceQuality "1"]

1. e4 c5 2. Nf3 d6 3. d4 cxd4 4. Nxd4 Nf6 5. f3 a6 6. c4 Nc6 7. Be3 Nxd4 8. Bxd4 e5 9. Be3 h6 10. Nc3 Bd7 11. Be2 Be7 12. Qd2 Bc6 13. 0-0 Qc7 14. Rac1 Rd8 15. Nd5 Bxd5 16. cxd5 Qb8 17. Bb6 Rc8 18. Rxc8+ Qxc8 19. Rc1 Qa8 20. Qc3 0-0 21. Qc7 Bd8 22. Qxd6 Bxb6+ 23. Qxb6 Rc8 24. Rxc8+ Qxc8 25. b3 Nd7 26. Qd6 Qc5+ 27. Qxc5 Nxc5 28. Kf2 Kf8 29. Ke3 Ke7 30. g3 f6 31. f4 a5 32. Bd3 b6 33. Kd2 Kd6 34. Kc3 Nd7 35. Bb5 Nc5 36. Bd3 Nd7 37. a3 Nc5 38. h3 Nd7 39. b4 axb4+ 40. axb4 Nb8 41. Bb5 Kc7 42. Kd3 Kd6 43. Ke3 Ke7 44. Kf3 h5 45. h4 g6 46. Be2 Nd7 47. g4 hxg4+ 48. Kxg4 Nf8 49. h5 gxh5+ 50. Kxh5 exf4 51. Kh4 Kd6 52. Kg4 Ke5 53. Bf3 Nh7 54. Bg2 1/2-1/2

[Event "Main Vogelsberg op 10th"]
[Site "Hanau"]
[Date "2015.05.23"]
[Round "3"]
[White "Herdt, Werner"]
[Black "Willems, Matthias"]
[Result "0-1"]
[WhiteElo "1408"]
[BlackElo "1954"]
[PlyCount "66"]
[EventDate "2015.05.22"]
[EventType "swiss"]
[EventRounds "7"]
[EventCountry "GER"]
[SourceTitle "EXT 2016"]
[Source "ChessBase"]
[SourceDate "2015.10.08"]
[SourceVersion "1"]
[SourceVersionDate "2015.10.08"]
[SourceQuality "1"]

1. d4 Nf6 2. c4 e5 3. dxe5 Ng4 4. Nf3 Nc6 5. Bf4 Bb4+ 6. Nc3 Qe7 7. Qd5 Bxc3+ 8. bxc3 f6 9. e3 Ngxe5 10. Nxe5 fxe5 11. Bg3 d6 12. Bd3 Be6 13. Qe4 g6 14. 0-0 0-0-0 15. Rab1 Rdg8 16. Rb2 Nd8 17. Rfb1 c6 18. Qf3 h5 19. h3 Rf8 20. Qd1 g5 21. e4 h4 22. Bh2 c5 23. Be2 Rf6 24. Bg4 Rhf8 25. Bxe6+ Qxe6 26. Qd5 R8f7 27. Rf1 Nc6 28. Rb5 a6 29. Rb6 Na5 30. Qxe6+ Rxe6 31. Rd1 Nxc4 32. Rbb1 Kc7 33. Kf1 Ne3+ 0-1